000 00576nam a22002177a 4500
001 0011784
003 DO-SdBNP
005 20180212133527.0
007 0011784
008 161117b 1977 sp|||| |||| 00| 0 spa d
020 _a8430504399
040 _aBPMSU
_bspa
_cBPMSU
082 _axxxxxxxxx
_bxxxxxxxxx
100 1 _aDisney, Walt
245 1 _aAutomoviles de hoy /
_cWalt Disney
260 _aMadrid :
_bSusaeta ediciones,
_c1977.
300 _a16 p. :
_bil.,
_c26 cm.
942 _2ddc
_cBK
945 _ainventariado, 2018 / dg
956 _aBTAVÁREZ
_b10
_c20161117
_d0011784
999 _c11984
_d11984